| 000 | 01033pam a2200313 a 4500 | ||
|---|---|---|---|
| 001 | 4378586 | ||
| 003 | OSt | ||
| 005 | 20140318130326.0 | ||
| 008 | 910523s1995 nyua j 000 1 eng | ||
| 010 | _a 91020743 | ||
| 020 | _a0590107046 | ||
| 040 |
_aDLC _cDLC _dDLC |
||
| 042 | _alcac | ||
| 050 | 0 | 0 |
_aPZ 7 _b.B4482 1997 |
| 100 | 1 |
_aBerends, Polly Berrien. _924329 |
|
| 245 | 1 | 0 |
_aI heard said the bird / _cPolly Berrien Berends ; pictures by Brad Sneed. |
| 250 | _a1st ed. | ||
| 260 |
_aNew York : _bDial Books for Young Readers, _c1997. |
||
| 300 |
_bcol. ill. ; _c27 cm. |
||
| 521 | _aBR | ||
| 526 | _cBR | ||
| 650 | 1 |
_aDomestic animals _xFiction. _924330 |
|
| 650 | 1 |
_aBabies _xFiction. _924331 |
|
| 700 | 1 |
_aSneed, Brad, _eill. _924332 |
|
| 906 |
_a7 _bcbc _corignew _d1 _eocip _f19 _gy-gencatlg |
||
| 942 |
_2lcc _cBK |
||
| 999 |
_c47486 _d47486 |
||